000 00667nam a2200217 a 4500
005 20180803165202.0
008 140314b1999 ck ||||| |||| 00| 0 spa d
040 _aCO-BoIAVH
_cCO-BoIAVH
041 _aspa
044 _ack
082 1 4 _a571.84529
_bV43a
100 1 _aVelásquez R., César A.
245 1 0 _aAtlas palinológico de la flora vascular paramuna de Colombia:
_bangiospermae
260 _aMedellín:
_bUniversidad Nacional de Colombia,
_c1999.
300 _a173 páginas.
650 1 4 _aPlantas
650 1 4 _aMicroorganismos
_xReproducción sexual
650 1 4 _aPalinología
650 1 4 _aPolen
942 _cLIBRO
_2ddc
999 _c4375
_d4375